LEADER 03407nam 22006492 450 001 9910790236003321 005 20151005020622.0 010 $a1-107-23035-7 010 $a1-139-41152-7 010 $a1-280-68514-X 010 $a9786613662088 010 $a1-139-42288-X 010 $a1-139-41986-2 010 $a1-139-05995-5 010 $a1-139-42191-3 010 $a1-139-41782-7 010 $a1-139-42395-9 035 $a(CKB)2670000000204083 035 $a(EBL)907152 035 $a(OCoLC)794663505 035 $a(SSID)ssj0000658049 035 $a(PQKBManifestationID)11384845 035 $a(PQKBTitleCode)TC0000658049 035 $a(PQKBWorkID)10680811 035 $a(PQKB)10725786 035 $a(UkCbUP)CR9781139059954 035 $a(MiAaPQ)EBC907152 035 $a(Au-PeEL)EBL907152 035 $a(CaPaEBR)ebr10568327 035 $a(CaONFJC)MIL366208 035 $a(EXLCZ)992670000000204083 100 $a20141103d2012|||| uy| 0 101 0 $aeng 135 $aur||||||||||| 181 $ctxt$2rdacontent 182 $cc$2rdamedia 183 $acr$2rdacarrier 200 12$aA population history of the United States /$fHerbert S. Klein$b[electronic resource] 205 $aSecond edition. 210 1$aCambridge :$cCambridge University Press,$d2012. 215 $a1 online resource (xiii, 285 pages) $cdigital, PDF file(s) 300 $aTitle from publisher's bibliographic system (viewed on 05 Oct 2015). 311 $a1-107-61362-0 311 $a1-107-01598-7 320 $aIncludes bibliographical references and index. 327 $aMachine generated contents note: Introduction; 1. Paleo-Indians, Europeans, and the settlement of America; 2. Colonization and settlement of North America; 3. The Early Republic to 1860; 4. The creation of an industrial and urban society, 1860-1914; 5. The evolution of a modern population, 1914-1945; 6. Transitions: the baby boom and bust and the new new immigrants, 1945-1970; 7. A modern industrial society, 1970-2010. 330 $aThe first full-scale, one-volume survey of the demographic history of the United States has been fully updated here. From the arrival of humans in the Western Hemisphere to the current century, Klein analyses the basic demographic trends in the growth of the pre-conquest, colonial and national populations. From the origin and distribution of the Native Americans to late 20th century changes in family structure, fertility and mortality, this updated edition incorporates recent research, including data from the 2010 census. In this definitive study, Klein explores regional patterns of fertility and mortality, trends in births, deaths and international and internal migrations, comparing them with contemporary European developments. The profound impact of historic declines in disease and mortality rates on the population structure of the late-20th century is explained, while the more recent urbanisation and rise of suburbia are examined within the context of new massive international migrations on North American society. 607 $aUnited States$xPopulation$xHistory 676 $a304.60973 686 $aHIS036000$2bisacsh 700 $aKlein$b Herbert S.$0173140 801 0$bUkCbUP 801 1$bUkCbUP 906 $aBOOK 912 $a9910790236003321 996 $aA population history of the United States$93695237 997 $aUNINA LEADER 02103nam 2200361z- 450 001 9910490714503321 005 20210709 035 $a(CKB)5590000000533427 035 $a(oapen)https://directory.doabooks.org/handle/20.500.12854/71153 035 $a(oapen)doab71153 035 $a(EXLCZ)995590000000533427 100 $a20202107d2021 |y 0 101 0 $ager 135 $aurmn|---annan 181 $ctxt$2rdacontent 182 $cc$2rdamedia 183 $acr$2rdacarrier 200 00$aSmart Criminal Justice 210 $aBasel$cHelbing Lichtenhahn Verlag$d2021 215 $a1 online resource 311 08$a3-7190-4397-5 330 $aDer Einsatz moderner Technik in der Polizeiarbeit, in der Strafrechtspflege und im Justizvollzug gewinnt im digitalen Zeitalter an Bedeutung. Auch in der Schweiz pra?gen algorithmische Anwendungen zunehmend die Arbeit der Polizei- und Strafbeho?rden. Insbesondere im Rahmen des Predictive Policing, des Bedrohungsmanagements, der Kriminalanalyse und des Risikoorientierten Sanktionenvollzugs sind technische Hilfsmittel kaum mehr wegzudenken. Dieser Einsatz immer intelligenter werdender Technik wirft verschiedene rechtliche, kriminalistische, kriminologische, verwaltungswissenschaftliche und nicht zuletzt gesellschaftspolitische Fragen auf. Der vorliegende Sammelband nimmt sich diesen Fragen erstmals umfassend an und bescha?ftigt sich in verschiedenen Beitra?gen mit den Potenzialen und Risiken der Digitalisierung fu?r die Polizeiarbeit und Strafrechtspflege. Das Werk erlaubt so eine interdisziplina?re sowie kritische Anna?herung an das Pha?nomen einer «Smart Criminal Justice» und damit an die Strafrechtspflege des digitalen Zeitalters. 606 $aInformation technology: general topics$2bicssc 610 $aAlgorithmen 610 $aBedrohungsmanagement 610 $aPolizeiarbeit 610 $aStrafrechtspflege 615 7$aInformation technology: general topics 702 $aSimmler$b Monika$f1990- 906 $aBOOK 912 $a9910490714503321 996 $aSmart criminal justice$93401460 997 $aUNINA